000 00294nam a22001337a 4500
008 171018b xxu||||| |||| 00| 0 eng d
020 _a0765802694
041 _aeng
080 _a338
100 _a53
101 _aMEN
245 _aCURRENT TOPICS IN MANAGEMENT
_cRAHIM,M.A
942 _2udc
_cBK
999 _c34785
_d34785